Your turn to Die Personnage - Statistiques

Statistiques générales
  • Ce quiz a été pris 10 fois
  • Le résultat moyen est 25 sur 39
Statistiques - réponses
Par images Réponse % Correct
Joe tazuna
100%
Keiji Shinogi
100%
Sara Chidouin
100%
Alice Yabusame
86%
Gin Ibushi
86%
Kai Satou
86%
Kanna Kizuchi
86%
Kazumi Mishima
86%
Mai Tsurugi
86%
Midori
86%
Nao Egokoro
86%
Q-taro Burgerberg
86%
Ranmaru Kageyama
86%
Reko Yabusame
86%
Sou Hiyori
86%
Anzu Kinashi
71%
Gashu Satou
71%
Maple
71%
Megumi Sasahara
71%
Meister
71%
Rio Ranger
71%
Shunsuke Hayasaka
71%
Sue Miley
71%
Tia Safalin
71%
Hinako Mishuku
57%
Kugie Kizuchi
57%
Naomichi Kurumada
57%
Botsun
43%
Jin Mutou
43%
Mr. Policeman
43%
Gruusem
29%
Mr. Chidouin
29%
Ryoko Hirose
29%
Sei Satou
29%
Touko Rikuno
29%
Kobushi
14%
Ryuu
14%
Stronghold
14%
Ursheen
14%
Aucun quiz correspondant
Distribution des résultats
% des personnes avec chaque résultat
Percentile par nombre de réponses
Votre historique - résultats
Vous n’avez pas pris ce quiz